[Event "ROU-ch Women 2021"]
[Site "Iasi"]
[Date "2021.04.22"]
[Round "5.3"]
[White "Sandu, Mihaela"]
[Black "Cosman, Andreea-Marioara"]
[Result "1/2-1/2"]
[WhiteElo "2268"]
[BlackElo "2164"]
[Annotator "ChessBase"]
[PlyCount "107"]
[EventDate "2021.04.19"]
[EventType "swiss"]
[EventCountry "ROU"]
[SourceTitle "playchess.com"]
[Source "ChessBase"]
[SourceQuality "1"]
[TimeControl "5400+30"]

1. e4 {[%emt 0:00:00]} c5 {[%emt 0:00:34]} 2. Nf3 {[%emt 0:00:00]} d6 {[%emt 0:00:04]} 3. d4 {[%emt 0:00:00]} cxd4 {[%emt 0:00:06]} 4. Qxd4 {[%emt 0:00:00]} Nc6 {[%emt 0:00:23]} 5. Bb5 {[%emt 0:00:21]} Bd7 {[%emt 0:00:07]} 6. Bxc6 {[%emt 0:00:05]} Bxc6 {[%emt 0:00:08]} 7. Nc3 {[%emt 0:00:03]} Nf6 {[%emt 0:03:34]} 8. Bg5 {[%emt 0:00:06]} e6 {[%emt 0:02:20]} 9. O-O-O {[%emt 0:00:20]} Be7 {[%emt 0:01:18]} 10. Qd3 {[%emt 0:00:23]} Qa5 {[%emt 0:08:53]} 11. h4 {[%emt 0:00:24]} Rd8 {[%emt 0:05:38]} 12. Nd4 {[%emt 0:09:37]} h6 {[%emt 0:05:59]} 13. Bd2 {[%emt 0:28:13]} Qc7 {[%emt 0:11:29]} 14. f4 {[%emt 0:06:05]} a6 {[%emt 0:08:01]} 15. Qe2 {[%emt 0:11:12]} b5 {[%emt 0:03:44]} 16. Nxc6 {[%emt 0:05:14]} Qxc6 {[%emt 0:00:07]} 17. e5 {[%emt 0:02:30]} dxe5 {[%emt 0:08:32]} 18. fxe5 {[%emt 0:00:32]} Nd5 {[%emt 0:00:17]} 19. Nxd5 {[%emt 0:08:26]} Rxd5 {[%emt 0:01:36]} 20. Qg4 {[%emt 0:00:23]} g6 {[%emt 0:03:20]} 21. Rhf1 {[%emt 0:09:24]} h5 {[%emt 0:05:06]} 22. Qf3 {[%emt 0:00:49]} O-O {[%emt 0:01:24]} 23. Kb1 {[%emt 0:07:57]} Qc4 {[%emt 0:04:31]} 24. Bh6 {[%emt 0:04:31]} Rxd1+ {[%emt 0:00:15]} 25. Qxd1 {[%emt 0:00:21]} Rc8 {[%emt 0:01:42]} 26. g3 {[%emt 0:00:22]} Qe4 {[%emt 0:06:45]} 27. Re1 {[%emt 0:00:35]} Qd5 {[%emt 0:01:29]} 28. Qe2 {[%emt 0:01:58]} Rd8 {[%emt 0:01:32]} 29. a3 {[%emt 0:01:03]} a5 {[%emt 0:02:48]} 30. Rf1 {[%emt 0:00:25]} Rd7 {[%emt 0:00:22]} 31. Qf2 {[%emt 0:00:52]} Bd8 {[%emt 0:00:14]} 32. Qf4 {[%emt 0:01:27]} Qd4 {[%emt 0:00:45]} 33. Qxd4 {[%emt 0:00:46]} Rxd4 {[%emt 0:00:06]} 34. Re1 {[%emt 0:00:39]} Kh7 {[%emt 0:01:57]} 35. Bf4 {[%emt 0:00:24]} g5 {[%emt 0:02:23]} 36. hxg5 {[%emt 0:00:54]} Kg6 {[%emt 0:00:22]} 37. c3 {[%emt 0:00:38]} Rd5 {[%emt 0:00:32]} 38. Kc2 {[%emt 0:00:57]} Bxg5 {[%emt 0:02:32]} 39. Bxg5 {[%emt 0:00:22]} Kxg5 {[%emt 0:00:06]} 40. a4 {[%emt 0:00:05]} bxa4 {[%emt 0:03:18]} 41. c4 {[%emt 0:00:02]} Rd8 {[%emt 0:01:53]} 42. Kc3 {[%emt 0:00:09]} Rb8 {[%emt 0:01:36]} 43. c5 {[%emt 0:00:45]} Rb3+ {[%emt 0:00:29]} 44. Kd4 {[%emt 0:00:19]} Rxb2 {[%emt 0:01:05]} 45. Rc1 {[%emt 0:00:22]} a3 {[%emt 0:00:39]} 46. Kc3 {[%emt 0:01:01]} Rb5 {[%emt 0:02:06]} 47. Kc4 {[%emt 0:00:42]} Rb4+ {[%emt 0:00:16]} 48. Kc3 {[%emt 0:00:01]} Kg4 {[%emt 0:00:56]} 49. Ra1 {[%emt 0:00:23]} Rb5 {[%emt 0:00:31]} 50. Kc4 {[%emt 0:00:11]} Rb4+ {[%emt 0:00:06]} 51. Kc3 {[%emt 0:00:03]} Rb5 {[%emt 0:00:52]} 52. Kc4 {[%emt 0:00:05]} Rb4+ {[%emt 0:00:15]} 53. Kc3 {[%emt 0:00:03]} Rb5 {[%emt 0:00:30]} 54. Kc4 {[%emt 0:00:15]} 1/2-1/2

[Event "ROU-ch Women 2021"]
[Site "Iasi"]
[Date "2021.04.22"]
[Round "5.4"]
[White "Maria, Lia-Alexandra"]
[Black "Anghel, Maria"]
[Result "0-1"]
[WhiteElo "1713"]
[BlackElo "1918"]
[Annotator "NA"]
[PlyCount "52"]
[EventDate "2021.04.19"]
[EventType "swiss"]
[EventCountry "ROU"]
[SourceTitle "playchess.com"]
[Source "ChessBase"]
[SourceQuality "1"]
[TimeControl "5400+30"]

1. e4 {[%emt 0:00:00]} c5 {[%emt 0:00:00]} 2. Nf3 {[%emt 0:00:00]} a6 {[%emt 0:00:00]} 3. d4 {[%emt 0:00:22]} cxd4 {[%emt 0:00:04]} 4. Nxd4 {[%emt 0:00:11]} Nf6 {[%emt 0:00:09]} 5. Nc3 {[%emt 0:01:45]} e5 {[%emt 0:00:33]} 6. Nf3 {[%emt 0:04:42]} Bb4 {[%emt 0:01:23]} 7. Bd2 {[%emt 0:04:49]} O-O {[%emt 0:11:14]} 8. Bd3 {[%emt 0:03:56]} Bxc3 {[%emt 0:09:43]} 9. Bxc3 {[%emt 0:00:31]} d6 {[%emt 0:02:01]} 10. Qe2 {[%emt 0:11:03]} Nc6 {[%emt 0:04:37]} 11. O-O-O {[%emt 0:02:36]} b5 {[%emt 0:03:40]} 12. a3 {[%emt 0:02:46]} Rb8 {[%emt 0:05:42]} 13. h3 {[%emt 0:10:41]} Qc7 {[%emt 0:11:00]} 14. g4 {[%emt 0:03:48]} b4 {[%emt 0:08:18]} 15. axb4 {[%emt 0:02:23]} Nxb4 {[%emt 0:00:20]} 16. Bc4 {[%emt 0:05:45]} Be6 {[%emt 0:05:30]} 17. Bxe6 {[%emt 0:02:33]} fxe6 {[%emt 0:00:07]} 18. Bxb4 {[%emt 0:04:59]} Rxb4 {[%emt 0:00:07]} 19. Ng5 {[%emt 0:02:36]} Rfb8 {[%emt 0:10:11]} 20. c3 {[%emt 0:03:32]} Rxb2 {[%emt 0:04:44]} 21. Qxb2 {[%emt 0:01:37]} Rxb2 {[%emt 0:00:03]} 22. Kxb2 {[%emt 0:00:16]} h6 {[%emt 0:02:52]} 23. Nxe6 {[%emt 0:03:14]} Qe7 {[%emt 0:02:27]} 24. g5 {[%emt 0:00:33]} Nxe4 {[%emt 0:01:20]} 25. Rhe1 {[%emt 0:02:30]} d5 {[%emt 0:02:17]} 26. g6 {[%emt 0:01:49]} Nxf2 {[%emt 0:05:39]} 0-1

[Event "ROU-ch Women 2021"]
[Site "Iasi"]
[Date "2021.04.22"]
[Round "5.5"]
[White "Pirvan, Maria"]
[Black "Pancu, Aureliana-Eugenia"]
[Result "0-1"]
[WhiteElo "1529"]
[BlackElo "1878"]
[Annotator "NA"]
[PlyCount "58"]
[EventDate "2021.04.19"]
[EventType "swiss"]
[EventCountry "ROU"]
[SourceTitle "playchess.com"]
[Source "ChessBase"]
[SourceQuality "1"]
[TimeControl "5400+30"]

1. e4 {[%emt 0:00:00]} e6 {[%emt 0:00:00]} 2. d4 {[%emt 0:00:00]} d5 {[%emt 0:00:00]} 3. Nd2 {[%emt 0:00:00]} dxe4 {[%emt 0:01:48]} 4. Nxe4 {[%emt 0:00:00]} Nd7 {[%emt 0:00:17]} 5. c3 {[%emt 0:01:11]} Ngf6 {[%emt 0:00:47]} 6. Nxf6+ {[%emt 0:00:45]} Nxf6 {[%emt 0:00:45]} 7. Nf3 {[%emt 0:00:55]} Be7 {[%emt 0:03:00]} 8. Bd3 {[%emt 0:01:51]} Bd7 {[%emt 0:08:47]} 9. Ne5 {[%emt 0:05:20]} h6 {[%emt 0:04:54]} 10. O-O {[%emt 0:10:45]} O-O {[%emt 0:04:29]} 11. Qf3 {[%emt 0:12:07]} Rb8 {[%emt 0:03:51]} 12. Qh3 {[%emt 0:19:24]} Bc6 {[%emt 0:08:44]} 13. Nxc6 {[%emt 0:04:29]} bxc6 {[%emt 0:00:11]} 14. Bxh6 {[%emt 0:07:08]} gxh6 {[%emt 0:02:28]} 15. Qxh6 {[%emt 0:03:09]} Qd5 {[%emt 0:00:08]} 16. g4 {[%emt 0:01:06]} Ne4 {[%emt 0:02:56]} 17. f3 {[%emt 0:13:15]} Qg5 {[%emt 0:00:20]} 18. Qxg5+ {[%emt 0:02:04]} Nxg5 {[%emt 0:00:12]} 19. f4 {[%emt 0:02:17]} Nh7 {[%emt 0:00:35]} 20. b4 {[%emt 0:00:08]} Rfd8 {[%emt 0:00:35]} 21. g5 {[%emt 0:02:31]} Nf8 {[%emt 0:02:46]} 22. Be4 {[%emt 0:01:07]} c5 {[%emt 0:00:26]} 23. bxc5 {[%emt 0:01:25]} Rb2 {[%emt 0:00:15]} 24. Rfb1 {[%emt 0:01:49]} Rdb8 {[%emt 0:00:10]} 25. Bc2 {[%emt 0:01:41]} Ng6 {[%emt 0:02:03]} 26. Bxg6 {[%emt 0:03:48]} fxg6 {[%emt 0:00:13]} 27. Rxb2 {[%emt 0:00:33]} Rxb2 {[%emt 0:00:03]} 28. Re1 {[%emt 0:02:27]} Kf7 {[%emt 0:00:17]} 29. Rc1 {[%emt 0:00:55]} Rxa2 {[%emt 0:00:15]} 0-1

[Event "ROU-ch Women 2021"]
[Site "Iasi"]
[Date "2021.04.22"]
[Round "5.6"]
[White "Andries, Alexia"]
[Black "Marcu, Daria-Ana"]
[Result "0-1"]
[WhiteElo "1553"]
[BlackElo "1533"]
[Annotator "NA"]
[PlyCount "76"]
[EventDate "2021.04.19"]
[EventType "swiss"]
[EventCountry "ROU"]
[SourceTitle "playchess.com"]
[Source "ChessBase"]
[SourceQuality "1"]
[TimeControl "5400+30"]

1. d4 {[%emt 0:00:06]} Nf6 {[%emt 0:00:00]} 2. c4 {[%emt 0:00:00]} e6 {[%emt 0:00:00]} 3. Nc3 {[%emt 0:00:46]} Bb4 {[%emt 0:00:00]} 4. e3 Bxc3+ {[%emt 0:00:13]} 5. bxc3 {[%emt 0:00:58]} c5 {[%emt 0:00:13]} 6. Nf3 {[%emt 0:02:17]} O-O {[%emt 0:00:43]} 7. Bd3 {[%emt 0:01:33]} d6 {[%emt 0:00:26]} 8. O-O {[%emt 0:00:44]} Nc6 {[%emt 0:01:08]} 9. e4 {[%emt 0:05:48]} e5 {[%emt 0:00:26]} 10. d5 {[%emt 0:00:29]} Ne7 {[%emt 0:00:14]} 11. Bg5 {[%emt 0:04:00]} Ng6 {[%emt 0:00:30]} 12. Rb1 {[%emt 0:07:51]} h6 {[%emt 0:00:46]} 13. Bc1 {[%emt 0:01:14]} b6 {[%emt 0:02:56]} 14. Qc2 {[%emt 0:03:22]} Nh5 {[%emt 0:01:17]} 15. Ne1 {[%emt 0:20:21]} Nhf4 {[%emt 0:02:00]} 16. f3 {[%emt 0:00:39]} h5 {[%emt 0:12:02]} 17. Kh1 {[%emt 0:11:02]} h4 {[%emt 0:01:31]} 18. Rb2 {[%emt 0:07:50]} Kh7 {[%emt 0:01:45]} 19. a4 {[%emt 0:06:36]} Rh8 {[%emt 0:01:50]} 20. a5 {[%emt 0:02:13]} Nh5 {[%emt 0:01:03]} 21. Kg1 {[%emt 0:04:59]} Ngf4 {[%emt 0:00:57]} 22. Bxf4 {[%emt 0:00:44]} Nxf4 {[%emt 0:00:10]} 23. Ra2 {[%emt 0:03:22]} h3 {[%emt 0:07:22]} 24. g3 {[%emt 0:00:18]} Nh5 {[%emt 0:06:30]} 25. Qf2 {[%emt 0:02:14]} Rb8 {[%emt 0:04:38]} 26. axb6 {[%emt 0:00:41]} axb6 {[%emt 0:00:38]} 27. f4 {[%emt 0:01:16]} exf4 {[%emt 0:07:02]} 28. gxf4 {[%emt 0:00:11]} Kg8 {[%emt 0:00:51]} 29. Kh1 {[%emt 0:01:22]} Nf6 {[%emt 0:01:35]} 30. e5 {[%emt 0:04:15]} Ng4 {[%emt 0:01:50]} 31. Qe2 {[%emt 0:02:03]} Kf8 {[%emt 0:12:13]} 32. e6 {[%emt 0:01:37]} Nf6 {[%emt 0:00:32]} 33. f5 {[%emt 0:00:54]} Bb7 {[%emt 0:01:16]} 34. Be4 {[%emt 0:00:25]} Rh4 {[%emt 0:01:04]} 35. Bf3 {[%emt 0:02:13]} Rf4 {[%emt 0:01:04]} 36. Qd3 {[%emt 0:00:51]} b5 {[%emt 0:02:50]} 37. Qb1 {[%emt 0:02:16]} Rxc4 {[%emt 0:01:12]} 38. Rb2 {[%emt 0:00:55]} Nxd5 {[%emt 0:00:58]} 0-1

[Event "ROU-ch Women 2021"]
[Site "Iasi"]
[Date "2021.04.23"]
[Round "6.1"]
[White "Lehaci, Miruna-Daria"]
[Black "Peptan, Corina-Isabela"]
[Result "0-1"]
[WhiteElo "2188"]
[BlackElo "2392"]
[Annotator "TA"]
[PlyCount "120"]
[EventDate "2021.04.19"]
[EventType "swiss"]
[EventCountry "ROU"]
[SourceTitle "playchess.com"]
[Source "ChessBase"]
[SourceQuality "1"]

{[%evp 9,120,44,79,53,67,42,59,37,57,6,66,50,68,71,42,50,70,72,66,71,81,57,56,54,94,97,92,56,93,86,81,83,95,78,91,72,75,85,104,37,143,93,106,66,96,71,96,97,116,57,120,108,112,111,116,70,87,83,102,38,39,37,49,0,-1,0,-7,-268,-260,-446,-187,-174,-174,-173,-172,-287,-270,-272,-253,-252,-264,-328,-319,-327,-312,-309,-295,-328,-310,-447,-429,-420,-433,-433,-426,-658,-654,-667,-657,-887,-886,-865,-868,-862,-777,-719,-645,-1065,-1064,-5989,-5989,-5056,-5056]} 1. d4 Nf6 2. Bf4 g6 3. Nc3 Bg7 4. e4 d6 5. Qd2 h6 6. h4 {B07: Pirc Defence: Miscellaneous Systems.} c6 7. O-O-O b5 {[#]} 8. Bd3 $146 {White is slightly better.} ({Predecessor:} 8. Qe1 b4 9. Nb1 a5 10. c4 Qb6 11. e5 dxe5 12. dxe5 Nh7 13. Be3 Qc7 14. f4 {1-0 (30) Raja,H (2446)-Yandarbiev,R (2279) Sochi 2019}) 8... Qa5 9. Kb1 (9. a3 $14) 9... b4 ({Black should play} 9... Ng4 $1 $11) 10. Nce2 $14 {[%cal Bc3e2,Be2c1,Bc1b3][%mdl 32]} e5 11. dxe5 dxe5 12. Be3 Be6 13. Nc1 Nbd7 14. Nb3 Qa4 15. Qe2 O-O 16. Nf3 Rab8 17. Nfd2 c5 18. f3 Rfc8 19. Bc4 Rb6 20. Nc1 Bf8 21. g4 h5 {[%cal Rh5g4]} 22. Rhg1 hxg4 23. fxg4 Bxc4 24. Qxc4 ({Better is} 24. Nxc4 $16 Re6 25. h5) 24... Qb5 (24... Re6 $14) 25. g5 Nh5 26. Qxb5 Rxb5 27. Nc4 Rc7 28. Nd3 Bg7 29. Rdf1 (29. Rd2 $16) 29... Rc6 (29... Rb8 $14) 30. Rf3 Rb8 31. Rd1 Re8 32. Rdf1 Re7 33. Bg1 f6 34. Ne3 (34. a3 $16) 34... f5 35. exf5 e4 {[#]} 36. Nd5 $1 Rf7 37. Re3 (37. fxg6 $5 {[%cal Rf3f7]} Rxf3 38. Rxf3 $11) 37... gxf5 {White should prevent ...Bd4.} 38. g6 $2 {[%mdl 8192] Loses the game.} Rxg6 $19 39. Ree1 $2 (39. N3f4 Nxf4 40. Nxf4) 39... Bf8 (39... exd3 $142 40. Ne7+ {[#]} Rxe7 $1 {[%mdl 512]} 41. Rxe7 Rg2 $1 42. cxd3 Ng3 $1) 40. N3f4 Nxf4 41. Nxf4 Rg4 42. h5 (42. Be3 $142) 42... Ne5 43. Be3 Nc4 44. Bc1 Bh6 45. Nd5 Nd2+ 46. Bxd2 Bxd2 47. Re2 Bg5 48. c3 bxc3 49. bxc3 (49. b3 $142) 49... Kh7 50. Kc2 Kh6 51. Kb3 {Black is clearly winning.} Kxh5 52. Kc4 (52. a4 $142) 52... e3+ 53. Kxc5 Re4 54. Kb5 f4 55. Nxe3 Kg6 56. c4 Rxe3 57. Rd2 Re5+ 58. Kc6 Rf6+ 59. Rd6 Rxd6+ 60. Kxd6 Kf5 {Weighted Error Value: White=0.64/Black=0.23} 0-1

[Event "ROU-ch Women 2021"]
[Site "Iasi"]
[Date "2021.04.23"]
[Round "6.2"]
[White "Pancu, Aureliana-Eugenia"]
[Black "Ciolacu, Alessia-Mihaela"]
[Result "1/2-1/2"]
[WhiteElo "1878"]
[BlackElo "2052"]
[Annotator "TA"]
[PlyCount "101"]
[EventDate "2021.04.19"]
[EventType "swiss"]
[EventCountry "ROU"]
[SourceTitle "playchess.com"]
[Source "ChessBase"]
[SourceQuality "1"]

{[%evp 12,101,14,9,24,-12,0,0,6,-33,2,-31,0,0,59,69,61,41,43,40,53,28,31,3,29,27,50,30,46,27,162,161,175,184,187,101,82,34,162,118,88,59,93,87,328,317,300,95,117,123,124,123,116,100,94,96,600,575,573,642,550,578,402,363,375,348,352,340,1331,1330,2181,2095,1053,0,0,0,0,0,0,0,0,0,0,0,0,0,0,0,0,0,0,0]} 1. Nf3 c5 2. e4 d6 3. g3 Nf6 4. d3 Nc6 5. Nbd2 g6 6. Bg2 Bg7 7. O-O Bd7 {A05: Réti Opening: 1 Nf3 Nf6.} 8. h3 Qc8 9. Kh2 {[#]} h5 $146 ({Predecessor:} 9... Nh5 10. c3 Ne5 11. Nxe5 Bxe5 12. f4 Bf6 13. Nf3 e5 14. fxe5 Bxe5 15. Nxe5 dxe5 {1-0 (49) Hoyer,H (2162)-Birebent,G (1860) Muret 2003}) 10. Rh1 b5 11. c3 O-O 12. Re1 Ne5 (12... e5 $11) 13. Nxe5 $14 dxe5 14. Nf3 (14. d4 $5) 14... Ne8 15. Be3 Nd6 16. Qd2 Rd8 17. Bg5 Re8 (17... f6 $5 {[%cal Rf6g5]}) 18. Rad1 Be6 19. b3 a5 20. d4 exd4 (20... b4 $11 {and Black has nothing to worry.}) 21. cxd4 $18 c4 22. d5 c3 23. Qc2 (23. Qe2 $18 Bd7 24. e5) 23... Bd7 $16 24. Nd4 a4 (24... Bxd4 $14 25. Rxd4 f6) 25. e5 Nf5 26. Nc6 axb3 27. axb3 Bxc6 $2 (27... e6 $16) 28. dxc6 $18 b4 29. Re4 $2 (29. e6 $18) 29... Ra5 30. Rxb4 {aiming for Bf4.} Bxe5 31. Bf4 Bxf4 32. Rxf4 Rc5 33. b4 g5 $2 {[%mdl 8192]} 34. bxc5 gxf4 35. Qxc3 fxg3+ 36. fxg3 h4 37. Qe5 f6 38. Qf4 hxg3+ 39. Kg1 Kf7 $2 (39... e6 40. Rd7 Re7 41. Rxe7 Nxe7 42. Qxf6 Nxc6 43. Qg6+ Kf8 44. Qf6+ Kg8 45. Qg6+ Kh8 46. Qh6+ Kg8 47. Qg6+) 40. Bd5+ e6 41. Qxf5 $1 {[#] White wants to mate with Qh7+.} exd5 42. Qxc8 $2 (42. Qd7+ $18 Kf8 43. Rf1) 42... Rxc8 $11 {The position is equal.} 43. Rxd5 {Strongly threatening Rd6.} Rxc6 $18 {[%mdl 4096] Endgame KR-KR} ({But not} 43... Ke6 $2 44. Rd6+ Ke7 45. Kg2 $18) 44. Kg2 Ke6 45. Rh5 Rc8 46. Kxg3 f5 47. Kf4 Rxc5 48. Rh6+ Kf7 49. Kg5 Kg7 {[#] ( -> ...f4+!)} 50. Rg6+ Kf7 51. Rf6+ {Blacks defense is rewarded with a draw.  Weighted Error Value: White=0.30/Black=0.43} 1/2-1/2

[Event "ROU-ch Women 2021"]
[Site "Iasi"]
[Date "2021.04.23"]
[Round "6.3"]
[White "Obada, Ema"]
[Black "Sandu, Mihaela"]
[Result "0-1"]
[WhiteElo "1940"]
[BlackElo "2268"]
[Annotator "TA"]
[PlyCount "144"]
[EventDate "2021.04.19"]
[EventType "swiss"]
[EventCountry "ROU"]
[SourceTitle "playchess.com"]
[Source "ChessBase"]
[SourceQuality "1"]

{[%evp 9,144,25,20,26,35,37,33,26,54,21,47,2,27,13,0,-10,0,-1,47,4,33,-27,0,0,15,-3,29,14,0,-23,18,15,16,18,25,13,9,13,16,25,0,0,23,2,2,2,2,12,60,-39,-36,-167,-160,-159,-149,-150,-168,-132,-135,-148,-86,-133,-124,-203,-196,-216,-220,-375,-383,-374,-382,-378,-383,-404,-395,-420,-396,-459,-275,-285,-285,-685,-677,-670,-660,-947,-908,-908,-866,-808,0,-785,0,-688,-688,-763,-722,-29979,-677,-29976,-29978,-29972,-29974,-29982,-29983,-29983,-29984,-29984,-29985,-29985,-29986,-29987,-29986,-29986,-29986,-29986,-29987,-29987,-29988,-29990,-29991,-29992,-29991,-29991,-29992,-29992,-29991,-29993,-29994,-29994,-29995,-29995,-29996,-29996,-29997,-29997,-4779]} 1. e4 c5 2. Nf3 d6 3. Bb5+ Nd7 4. O-O a6 5. Bd3 Ngf6 6. c3 {B51: Sicilian: Moscow Variation (3 Bb5+) without 3...Bd7.} g6 7. Bc2 Bg7 8. d4 {White is slightly better.} O-O 9. Re1 Qc7 10. Nbd2 {[#]} cxd4 $146 ({Predecessor:} 10... b5 11. a4 Bb7 12. d5 e6 13. dxe6 fxe6 14. Ng5 Rae8 15. axb5 axb5 16. Nb3 h6 {1-0 (58) Vantika,A (2286)-Khazieva,E (2016) chess.com INT 2020}) 11. cxd4 b5 12. Nf1 Bb7 13. Bg5 Nb6 14. Bd3 h6 {[#]} 15. Bh4 (15. Rc1 $1 $14 Qd7 (15... Qd8 16. Bd2) 16. Bd2) 15... Nh5 16. Qd2 Nc4 17. Rac1 Rac8 18. Bxc4 bxc4 19. Qe3 Nf6 20. N1d2 d5 21. e5 Ne4 22. Nxe4 dxe4 23. Nd2 {[%csl LRc4,LRe4][%mdl 64] Double Attack} f5 $1 24. exf6 ({Of course not} 24. Nxc4 f4 $15) 24... exf6 25. Rxc4 (25. Bg3 {is more complex.} Qf7 26. Bd6 Rfe8 27. Bc5 Bd5 28. Qe2) 25... Qb6 26. Rxc8 Rxc8 27. Nxe4 {aiming for Bg3.} f5 $1 28. Nc5 Bd5 (28... g5 {with more complications.} 29. Bxg5 hxg5 30. Qxg5 Bd5 31. Qxf5 Rd8) 29. h3 (29. Bg3 $1 $14) 29... g5 $1 $15 {[%cal Rg5h4]} 30. Bg3 (30. Bxg5 $1 $15 Qg6 31. h4) 30... f4 $19 31. Bxf4 gxf4 32. Qxf4 {[#]} Qg6 $1 {[%csl Gd5][%cal Rg6g2]} 33. Ne4 Bxd4 {Threatens to win with ...Rf8.} 34. Ng3 Bg7 ({Worse is} 34... Bxb2 35. Qd2 $16) (34... Bb6 $142 {Hoping for ...Rf8.} 35. Qe5 Qg5) 35. Rd1 {[#]} Rf8 $1 $40 {[%mdl 128] Black attacks with force.} 36. Qc7 (36. Qa4 $17 Qf7 37. Rd2) 36... Bxa2 37. Qc5 Bb3 38. Rd6 (38. Rd2 {might work better.}) 38... Qb1+ {[%mdl 64] Double Attack} 39. Kh2 Qxb2 40. Rxa6 Qxf2 41. Qb5 Bf7 42. Qd7 Re8 {And now ...h5 would win.} 43. Qg4 {If White can now play Nf5! this consolidates a bit.} Qd4 (43... h5 $142 44. Qf3 Qc5) 44. Qxd4 Bxd4 45. Rxh6 $2 (45. Nf5 Be5+ 46. g3) 45... Re1 {...Bg1+ is the strong threat.} 46. Ra6 Bd5 47. Ra4 Bg1+ 48. Kh1 Bc5+ 49. Kh2 Bg1+ 50. Kh1 Bd4+ 51. Kh2 Be5 52. Rg4+ Kf7 53. h4 Re2 (53... Be6 $142 54. Rg5 Bf4 55. Rc5 Re3 56. Kg1 Bxg3 57. Rc1 Kg6 58. Rd1 Kh5 59. Kh1 Kxh4 60. Kg1 Bg4 61. Rf1 Re1 62. Rxe1 Bxe1 63. Kf1 Bg3 64. Kg1 Be2 65. Kh1 Bb8 66. Kg1 Kg3 67. Kh1 Kf2 68. g3 Kxg3 69. Kg1 Ba7+ 70. Kh1 Bf3#) 54. Kg1 Rxg2+ {[%mdl 64] Double Attack. Black mates.} 55. Kf1 Rxg3 56. Rxg3 Bxg3 57. Ke2 Bxh4 58. Ke3 Ke6 59. Kd4 Kd6 60. Kd3 Bf6 61. Ke3 Be5 62. Kd3 Kc5 63. Ke3 Kc4 64. Kf2 Kd3 65. Ke1 Bd4 66. Kf1 Ke3 67. Ke1 Bb3 68. Kf1 Kf3 69. Ke1 Bc3+ 70. Kf1 Bc4+ 71. Kg1 Kg3 72. Kh1 Bb2 {Weighted Error Value: White=0.53/Black=0.40} 0-1

[Event "ROU-ch Women 2021"]
[Site "Iasi"]
[Date "2021.04.23"]
[Round "6.4"]
[White "Cosman, Andreea-Marioara"]
[Black "Maria, Lia-Alexandra"]
[Result "1-0"]
[WhiteElo "2164"]
[BlackElo "1713"]
[Annotator "TA"]
[PlyCount "103"]
[EventDate "2021.04.19"]
[EventType "swiss"]
[EventCountry "ROU"]
[SourceTitle "playchess.com"]
[Source "ChessBase"]
[SourceQuality "1"]

{[%evp 10,103,14,20,57,49,82,80,103,76,107,110,120,110,127,129,152,71,98,68,104,86,87,87,109,107,114,81,99,104,610,608,579,398,449,454,431,428,395,247,249,235,229,212,268,185,252,140,142,157,214,201,272,268,256,257,627,624,593,605,591,396,589,587,852,867,816,781,749,749,633,598,867,850,666,433,1715,1696,1641,1564,3741,2827,5083,5060,3451,3125,2095,2005,8859,4286,817,9966,6012,5155,5583,5122]} 1. c4 e5 2. Nc3 Nf6 3. Nf3 Nc6 4. a3 a5 5. d4 exd4 6. Nxd4 Ne5 {A28: English Opening: Four Knights Variation.} 7. e4 d6 8. Be2 {[#]} g6 $146 {White is better.} ({Predecessor:} 8... Be7 9. O-O c6 10. h3 d5 11. cxd5 cxd5 12. Bb5+ Kf8 13. exd5 Nxd5 14. Re1 Ng6 {1-0 (25) Worek,J (2244)-Nemcova,K (2342) Stockholm 2008}) 9. f3 c6 10. Bg5 Bg7 11. Qd2 h6 12. Be3 O-O {[#]} 13. O-O ({Of course not} 13. Bxh6 $6 Nxe4 14. Nxe4 Qh4+ 15. g3 Qxh6 $11) (13. O-O-O $142 $1) 13... Kh7 $16 14. Rad1 Qc7 15. h3 Re8 16. b3 b6 17. Nc2 Re6 18. f4 Ned7 19. f5 Nxe4 $2 {[%mdl 8192] This move loses the game for Black.} (19... Re7 $16) 20. Nxe4 $18 Rxe4 21. Bd3 Re7 22. fxg6+ fxg6 {[#]} 23. Bxg6+ $1 {[%mdl 576] Discovered Attack} Kg8 24. Qxd6 Qxd6 25. Rxd6 Be5 26. Rd2 Kg7 27. Bf5 {Threatens to win with Nd4.} Nc5 (27... c5 {might work better.} 28. Bf4 Bxf4 29. Rxf4 Nf6) 28. Bxc8 (28. Nd4 $18 Rf7 29. Nxc6) 28... Rxc8 $16 29. Nd4 {Nf5+ is the strong threat.} Bxd4 (29... Kh7 $16) 30. Bxd4+ $18 Kh7 31. Bxc5 bxc5 {[%mdl 4096] Endgame KRR-KRR} 32. Rf6 Re3 $2 (32... a4 33. bxa4 Ra8 34. Rxc6 Rxa4 35. Rxc5 Rxa3) 33. Rd7+ Kg8 34. Rg6+ Kh8 35. Rxh6+ Kg8 36. Rdh7 {White is clearly winning.} Rxb3 37. Rh8+ Kg7 38. Rxc8 Kxh6 39. Rxc6+ {KR-KR} Kg7 40. Rxc5 Rxa3 41. h4 a4 42. Ra5 Ra1+ (42... Rg3 $142 43. Rxa4 Rg4) 43. Kh2 a3 44. Kg3 a2 45. Ra6 Rc1 46. Rxa2 Rc3+ 47. Kg4 Rxc4+ 48. Kh3 Kg6 49. Ra6+ Kf5 50. g4+ Kf4 51. Rf6+ Ke3 52. h5 {Weighted Error Value: White=0.31/Black=0.50} 1-0